Capitals with no vowels - Statistics

General Stats
  • This quiz has been taken 32 times
  • The average score is 11 of 15
Answer Stats
Hint Answer % Correct
Tllnn Tallinn
96%
Zgrb Zagreb
96%
Bgt Bogota
93%
Dmscs Damascus
93%
Grgtwn Georgetown
89%
Vlns Vilnius
86%
Wndhk Windhoek
82%
Sv Suva
68%
Fnft Funafuti
64%
Hrr Harare
64%
Nypdw Naypyidaw
64%
Nckhott Nouakchott
64%
smr Asmara
61%
Ccr Accra
43%
Ttw Ottawa
36%
No matching quizzes found
Score Distribution
Percent of People with Each Score
Percentile by Number Answered
Your Score History
You have not taken this quiz